Flores y frutos de plantas comunes de Santa Marta : (Registro nro. 8665)

Detalles MARC
000 -CABECERA
Campo de control 00698nam a22002057a 4500
005 - FECHA Y HORA DE LA ULTIMA TRANSACCION
Campo de control 20140903124439.0
008 - ELEMENTOS DE LONGITUD FIJA—INFORMACION GENERAL
Campo de control 011025s2001 ck a r 00010dspa d
020 ## - ISBN
ISBN 9589702309
041 0# - IDIOMA
Código de idioma para texto/pista de sonido o título separado Español
044 ## - PAÍS DE PUBLICACIÓN
País de publicación Colombia
082 04 - NUMERO DE CLASIFICACION DECIMAL DEWEY
Número de clasificación 581
Número del ítem R69p
100 1# - ASIENTO PRINCIPAL--NOMBRE PERSONAL
Nombre personal Roca-Candanoza, Rafael,
Fechas asociadas con el nombre 1945-
245 10 - MENCION DE TITULO
Título Flores y frutos de plantas comunes de Santa Marta :
Parte restante del título tomo I /
Mención de responsabilidad Rafael Roca Candanoza.
260 ## - PUBLICACION, DISTRIBUCION, ETC. (PIE DE IMPRENTA)
Lugar de publicación, distribución, etc. Santa Marta
Nombre del editor, distribuidor, etc. Fondo Editorial Universidad del Magdalena,
Fecha de publicación, distribución, etc. 2001.
300 ## - DESCRIPCION FISICA
Extensión 232 p. :
Otros detalles físicos il. ;
Dimensiones 24 cm.
504 ## - NOTA DE BIBLIOGRAFIA, ETC.
Nota de bibliografía Incluye bibliografÍa.
650 #6 - ASIENTO SECUNDARIO DE MATERIA - TERMINO TEMATICO
Término temático o nombre geográfico como elemento de entrada TaxonomÍa vegetal
Subdivisión geográfica Santa Marta (Colombia)
650 ## - ASIENTO SECUNDARIO DE MATERIA - TERMINO TEMATICO
Término temático o nombre geográfico como elemento de entrada BotÁnica
Subdivisión geográfica Santa Marta (Colombia)
942 ## - ELEMENTOS ADICIONALES (KOHA)
Sistema de clasificación Dewey Decimal Classification
Tipo de ítem Libro
Existencias
Withdrawn status Lost status Sistema de Clasificación Damaged status No para préstamo Colección Inventariado Ubicación Permanente Ubicación actual Fecha de adquisición Fuente de Valor Valor Total Checkouts Número topográfico Inventario / Código de Barras Date last seen Ejemplar Price effective from Forma de adquisición Tipo de material
    Dewey Decimal Classification     General Inventariado 2017 Bogotá Bogotá 03/09/2014 Instituto 39000.00   LB-581 R69p 038308 03/09/2014 Ej. 1 03/09/2014 Canje Libro